00246pab a2200097 454500008003600000100001800036245003400054650001000088650003100098773001900129180718b xxu||||| |||| 00| 0 eng d aSud, Surender aMismanagement of food economy a Food aPublic Distribution System aTimes of India